Where's Waldo? Franchise - Statistics

General Stats
  • This quiz has been taken 22 times
  • The average score is 9 of 19
Answer Stats
Type Year Name Info % Correct
Book 1987 Where's Waldo? Martin Handford
100%
TV Show 1991 Where's Waldo? CBS / ITV / The Children's Channel
100%
Video Game 1991 Where's Waldo? THQ
100%
TV Show 2019-Present Where's Waldo? Universal Kids
100%
Comic Strip Early 1990s Where's Wally? King Features Syndicate
100%
Book 1993 Where's Waldo in Hollywood? Martin Handford
47%
Book 1988 Where's Waldo Now? Martin Handford
47%
Book 1989 Where's Waldo? The Fantastic Journey Martin Handford
40%
Video Game 2009 Where's Waldo? The Fantastic Journey Ubisoft / Microsoft Game Studios
40%
Book 2006 Where's Waldo? The Great Picture Hunt! Martin Handford
33%
Book 1997 Where's Waldo? The Wonder Book Martin Handford
33%
Video Game 1992 The Great Waldo Search THQ
20%
Book 2009 Where's Waldo? The Incredible Paper Chase Martin Handford
20%
Book 1991 Where's Waldo?: The Magnificent Poster Book! Martin Handford
20%
Book 1990 Where's Waldo?: The Ultimate Fun Book Martin Handford
20%
5K Walk/Run 2012-2018 The Waldo Waldo 5K Colorado Springs, Colorado
13%
Video Game 1995 Where's Waldo at the Circus WarnerActive
13%
Video Game 1996 Where's Waldo?: Exploring Geography Inscape
13%
Book 2018 Where's Waldo? Santa Spectacular Martin Handford
13%
No matching quizzes found
Score Distribution
Percent of People with Each Score
Percentile by Number Answered
Your Score History
You have not taken this quiz